Responses for Show #5737 - Tuesday, July 14, 2009

2009 Kids Week game 2.

Contestants

[<< previous game]

Sophia Marianiello, an 11-year-old from Newark, Delaware

Jacob Joyner, an 11-year-old from Quantico, Virginia

Zachary Baumgartner, a 10-year-old from Deer Park, New York

[next game >>]

Jeopardy! Round responses

EARLY AMERICAN HISTORY
IT'S ALL IN THE GAME
LET'S EAT
HEADS OF STATE
KIDS' TV
NAMED FOR THEIR LOOKS
    $200 6
(Jacob: Who is Patrick Henry?)

Washington

ZacharyJacob
    $200 16
chess

Jacob
    $200 17
pancakes

Sophia
    $200 11
Israel

Jacob
    $200 1
Cory

Sophia
    $200 26
a diamond

Zachary
    $400 7
(Zachary: Who is Zenger?)

Benjamin Franklin

ZacharyJacob
    $400 22
Monopoly

Zachary
    $400 18
sunny-side up

Sophia
    $400 12
Japan

Zachary
    $400 2
Wizards of Waverly Place

Sophia
    $400 27
a rainbow

Sophia
    $600 8
John Smith

Jacob
    $600 23
Scrabble

Zachary
    $600 19
a taco

Zachary
    $600 13
Sweden

Triple Stumper
    $600 3
Ferb

Jacob
    $600 28
a tiger

Zachary
    $600 9
(Jacob: Who is Thomas Jefferson?)

Patrick Henry

Jacob
    $800 24
Clue

Zachary
    $800 20
(Jacob: What are beets?)

radishes

JacobSophia
    $800 14
(Zachary: What is Iraq?)

Afghanistan

ZacharyJacob
    $800 4
True Jackson, V.P.

Zachary
    $800 29
a bird

Zachary
    $1000 10
the French and Indian War

Jacob
    $1000 25
Operation

Jacob
    $1000 21
the tomato

Triple Stumper
    $1000 15
Venezuela

Sophia
    $1000 5
Johnny Test

Triple Stumper
    $1000 30
ivory

Sophia

Scores at the first commercial break (after clue 15):

Zachary Jacob Sophia
$200 $2,800 $1,600

Scores at the end of the Jeopardy! Round:

Zachary Jacob Sophia
$4,200 $3,200 $4,400

Double Jeopardy! Round responses

YOU DO THE MATH!
VACATION FUN
AT THE MOVIES
ONLINE LINGO
SASHA & MALIA
THE NEW PUPPY
    $400 5
60

Sophia
    $400 11
Las Vegas

Jacob
    $400 6
Witch Mountain

Zachary
    $400 16
a password

Zachary
    $400 26
(Alex: Actually, only one kid in our Kids Week, and that's Zachary.)

10

Sophia
    $400 21
teething

Sophia
    $800 4
720

Zachary
    $800 12
dolphins

Zachary
    $800 7
Monsters vs. Aliens

Zachary
    $800 17
(Zachary: What is a letter? Dead letter?)

a dead link

ZacharySophia
    $800 27
their grandmother

Jacob
    $800 22
rabies

Jacob
    $1200 3
3

Triple Stumper
    $1200 13
ice

Sophia
    $1200 8
a mall cop

Zachary
    $1200 18
best friend forever (best friends forever accepted)

Jacob
    $1200 28
the Jonas Brothers

Sophia
    $1200 23
Animal Planet

Zachary
    $1600 2
45

Sophia
    $1600 14
(Zachary: What is Texas?)
(Jacob: What is Nevada?)

Wyoming

ZacharyJacob
Triple Stumper
    $1600 9
Coraline

Zachary
    $1600 19
whatever

Triple Stumper
    $1600 29
J. Crew

Triple Stumper
    $1600 24
housebreaking

Sophia
    $2000 1
(Sophia: What is 6?)

4

Sophia
Triple Stumper
    $2000 15
the Bahamas

Triple Stumper
    $1,000 10
Under the Sea

Zachary
    $2000 20
role-playing game

Zachary
    $100 30
Chicago

Sophia
    $2000 25
white

Jacob

Scores at the end of the Double Jeopardy! Round:

Zachary Jacob Sophia
$12,000 $6,800 $10,100

[wagering suggestions for these scores]

Final Jeopardy! Round responses

SCIENTISTS
(Alex: [To Zachary] For a 10-year-old, very well done.)
JacobWho is Albert Einstein
$799
SophiaWho is Albert Einstein?
$6,300
ZacharyWho is Albert Einstein?
$5,789
Albert Einstein

Final scores:

Zachary Jacob Sophia
$17,789 $7,599 $16,400
Winner: $17,789 + Classroom Jeopardy! for his school 3rd place: $1,000 + Classroom Jeopardy! for his school 2nd place: $2,000 + Classroom Jeopardy! for her school

Game dynamics:

Coryat scores:

Zachary Jacob Sophia
$13,000 $7,400 $12,000
20 R
(including 1 DD),
4 W
13 R,
4 W
(including 1 DD)
17 R
(including 1 DD),
1 W

Combined Coryat: $32,400

[game clues] [game scores] [suggest correction]

Game tape date: 2009-03-30
The J! Archive is created by fans, for fans. Scraping, republication, monetization, and malicious use prohibited; this site may use cookies and collect identifying information. See terms. The Jeopardy! game show and all elements thereof, including but not limited to copyright and trademark thereto, are the property of Jeopardy Productions, Inc. and are protected under law. This website is not affiliated with, sponsored by, or operated by Jeopardy Productions, Inc. Join the discussion at JBoard.tv.